Utilidad de la canasta básica alimentaria como indicador socioeconómico /

Salvato in:
Dettagli Bibliografici
Autore principale: Murillo G, Sandra
Natura: testo
Soggetti:
Tags: Aggiungi Tag
Nessun Tag, puoi essere il primo ad aggiungerne!!

MARC

LEADER 00000 a a2200000 04500
001 3090
003
040
100 |a Murillo G, Sandra  
245 |a Utilidad de la canasta básica alimentaria como indicador socioeconómico /  |c Sandra Murillo G 
650 |a MICROECONOMIA  
650 |a INDICADORES SOCIALES  
650 |a CANASTA BASICA  
650 |a ALIMENTACION  
650 |a ANALISIS SOCIOLOGICO  
650 |a SALARIO MINIMO  
650 |a PRECIOS  
650 |a INDICADORES ECONOMICOS  
773 |g volumen 5, número 1; páginas 107-116  
999 |c 38163  |d 38163